000 00421cam a22001217a 4500
008 180718b1959 xxu||||| |||| 00| 0 eng d
082 _aA6x584 H713
100 _aHoldsworth, Mary
245 _aTurkestan in the nineteenth century: a brief history of the Khanates of Bukhara, Kokand and Khiva
_cby Mary Holdsworth
260 _aLondon
_bCentral Asian Research Centre
_c1959
300 _a81p.
650 _aTurkestan - History
999 _c368478
_d368478